• 首页
  • 本馆介绍
  • 公告通知
  • 最新文献
  • 馆藏检索
  • 电子资源
  • 读者导购
  • 参考咨询
  • 我的图书馆
  • 登录
  • 详细信息显示
  • 放入我的书架
  • 预约/预借图书
  • 作者相关作品
  • 分类相关作品
  • 丛书相关作品
  • 出版社相关作品

书目信息

  • 表格格式
  • 工作单格式
  • 卡片格式
题名:
新教师课程教学技术和媒体运用能力培养与训练
    
 
作者: 刘俊强 主编
分册:  
出版信息: 北京   人民教育出版社  2004
页数: 326页
开本: 21cm
丛书名: 新课程教师专业能力培养与训练丛书
单 册:
中图分类: G632.3 , G40-057
科图分类:
主题词: 多媒体--计算机辅助教学--中小学 , 课程 , 课程--教学研究--中小学 , 多媒体 , 计算机辅助教学 , 教学技术 , 教育学
电子资源:
ISBN: 7-107-17285-9
000 01447nam0 2200373 450
000 01402nam0 2200349 450
000 01333nam0 2200325 450
000 01297nam0 2200313 45
005 20070727133850.90
010    @a7-107-17285-9@dCNY18.40
100    @a20070707d2004 em y0chiy0120 ea
101 0  @achi
102    @aCN@b110000
105    @ay z 000yy
200 1  @a新教师课程教学技术和媒体运用能力培养与训练@AXin Jiao Shi Ke Cheng Jiao Xue Ji Shu He Mei Ti Yun Yong Neng Li Pei Yang Yu Xun Lian@f刘俊强主编@FLiu Jun Qiang Zhu Bian
210    @a北京@c人民教育出版社@d2004
215    @a326页@d21cm
225 2  @a新课程教师专业能力培养与训练丛书
300    @a全国教育科学“十五”规划国家重点课题研究项目
330    @a本书力求配合国家最近的新课程改革,联系课程改革给教师带来的种种影响,充分论述在新形势下教师如何跟上时代步伐、具备运用新的教学技术与媒体等的能力。
410  0 @12001 @a新课程教师专业能力培养与训练丛书
512 0  @a新课程教师教学技术和媒体运用能力培养与训练@AXin Ke Cheng Jiao Shi Jiao Xue Ji Shu He Mei Ti Yun Yong Neng Li Pei Yang Yu Xun Lian
606 0  @a多媒体@x计算机辅助教学@x中小学
606 0  @a课程
606 0  @a课程@x教学研究@x中小学
606 0  @a多媒体
606 0  @a计算机辅助教学
606 0  @a教学技术
606 0  @a教育学
690    @aG632.3@v4
690    @aG40-057@v3
701  0 @a刘俊强@ALiu Jun Qiang@c(教育)@4主编
801  0 @aCN@bTAOJIN@c20070727
905    @a10447@dG40-057@e446
    
    新教师课程教学技术和媒体运用能力培养与训练/刘俊强主编.-北京:人民教育出版社,2004
    326页;21cm.-(新课程教师专业能力培养与训练丛书)
    全国教育科学“十五”规划国家重点课题研究项目.-←封面题名:新课程教师教学技术和媒体运用能力培养与训练
    
    ISBN 7-107-17285-9:CNY18.40
    本书力求配合国家最近的新课程改革,联系课程改革给教师带来的种种影响,充分论述在新形势下教师如何跟上时代步伐、具备运用新的教学技术与媒体等的能力。
●
相关链接 在E读中查询图书 在五车中查询图书 在当当中查询图书 在豆瓣中查询图书


正题名:新教师课程教学技术和媒体运用能力培养与训练     索取号:G40-057/446         预约/预借

序号 登录号 条形码 馆藏地/架位号 状态 备注
1 0820935   208209357   第一样本阅览室/ [索取号:G40-057/446] 在馆    
2 0820936   208209366   第四借阅区/ [索取号:G40-057/446] 在馆    
3 0820937   208209375   第四借阅区/ [索取号:G40-057/446] 在馆    
4 0820938   208209384   第四借阅区/ [索取号:G40-057/446] 在馆    
5 0820939   208209393   第四借阅区/ [索取号:G40-057/446] 在馆    
唐山师范学院图书馆 欢迎您!
大连网信软件有限公司© 版权所有